000 003960000a22001090004500
090 _aAR
_b04517
100 1 _aStiles, F. Gary
_9877
245 1 0 _aNew species of emerald hummingbird (Trochilidade, Chlorostilbon) from the Sierra de Chiribiquete, Southeastern Colombia, with a review of the C. Mellisugus complex
041 0 _aInglés
942 _cARTICULO
773 1 _tWilson Bull.
_h1
_q1-27
_d1996
_g108
999 _c13616
_d13616